Vlaggen met het Meeste Blauw - Statistieken

Algemene statistieken
  • Deze quiz is 3.088 keer genomen
  • De gemiddelde score is 12 van 16
Antwoordstatistieken
Foto Hint Antwoord % Correct
78.5% Australië
96%
69.6% Zweden
96%
80.2% Nieuw-Zeeland
95%
87.8% Kosovo
93%
70.3% Bosnië en Herzegovina
92%
90.5% Kazachstan
87%
89.1% Somalië
81%
71.7% Fiji
77%
82.3% Palau
72%
97.7% Micronesia
71%
86.2% Saint Lucia
67%
75.3% Botswana
65%
89.3% Nauru
65%
78.5% Tuvalu
65%
74.5% Marshalleilanden
64%
73.6% Kaapverdië
58%
Geen overeenkomende quizzen gevonden
Scoreverdeling
Procent van Mensen met Elke Score
Percentiel versus Aantal Correcte Antwoorden
Uw Scoregeschiedenis
U heeft deze quiz nog niet genomen